000 00656nam a2200193Ia 4500
003 GCL
008 140319s9999 xx 000 0 ara d
040 _aGCL /
_cGCL
082 0 4 _a811.3
_bع د
100 1 _aعبدالله الجبورى
245 1 0 _aديوان مسكين الدرامى /
_cعبدالله الجبورى
700 1 _aخليل ابراهيم العطية
300 _a100 ص
490 _aالهيئة العامة للاستعلامات
_v0
650 0 4 _aالادب العربى
650 0 4 _aالشعر العربى - دواوين وقصائد
650 0 4 _aالشعر العربى - العصر الاموى
942 _2ddc
_cBK
999 _c51027
_d51027